000 00902nam a2200277 i 4500
001 9615
003 ES-MaACL
005 20230906145724.0
007 t|
008 931112s1992 sp ||||1| spa d
020 _a84-7658-343-5
080 _a86-34"19"
080 _a86(Ugalde,M.de 7 C.01)
100 1 _aUgalde, Martín de.
_9111882
245 1 0 _aCuentos /
_cMartín de Ugalde ; introducción de Iñaki Beti Sáez.
250 _a[1ª ed.].
260 _aBarcelona :
_bAnthropos,
_c1992.
300 _a2 v. ;
_c20 cm.
490 1 _aMemoria rota. Exilios y heterodoxias ;
_v28-29
500 _aBibliografía.
505 8 _aI. De la nueva tierra y los inmigrantes-- II. De la inmensa soledad del hombre
700 0 _aBeti Sáez, Iñaki,
_epr.
_9178575
830 0 _aMemoria rota. Exilios y heterodoxias ;
_v28-29
_9177283
852 _aES-MaACL
_jL-17038-9
_bR.120434
999 _c9615
_d9615